000
00198nam a22000857a 4500
008
161124b xxu||||| |||| 00| 0 eng d
100
_9
1408
_a
Merrick.D.
245
_a
Grammar 5-6
260
_a
USA
_b
TCR
_c
2011
999
_c
4123
_d
4123